Statistics for Countries that condemned Hamas in October 2023

Click here to take the quiz!

General Stats

  • This quiz has been taken 61 times
    (51 since last reset)
  • The average score is 61 of 83

Answer Stats

HintAnswer% Correct
AmericasCanada
93%
EuropeGermany
93%
AmericasUnited States
93%
EuropeNetherlands
86%
EuropeRomania
86%
EuropeUnited Kingdom
86%
EuropeFinland
82%
EuropeFrance
82%
EuropeIreland
82%
EuropeItaly
82%
AsiaJapan
82%
AmericasMexico
82%
OceaniaNew Zealand
82%
AmericasPeru
82%
EuropePortugal
82%
EuropeSlovenia
82%
AsiaSouth Korea
82%
EuropeSpain
82%
EuropeSweden
82%
EuropeSwitzerland
82%
EuropeAlbania
79%
AmericasArgentina
79%
OceaniaAustralia
79%
EuropeAustria
79%
EuropeBelgium
79%
EuropeBosnia and Herzegovina
79%
EuropeCroatia
79%
EuropeCzech Republic
79%
EuropeEstonia
79%
EuropeGreece
79%
EuropeHungary
79%
EuropeIceland
79%
AsiaIndia
79%
EuropeKosovo
79%
EuropeLithuania
79%
EuropeLuxembourg
79%
EuropeMontenegro
79%
EuropeNorway
79%
EuropePoland
79%
EuropeSerbia
79%
EuropeSlovakia
79%
AsiaThailand
79%
EuropeUkraine
79%
AmericasBrazil
75%
EuropeBulgaria
75%
AmericasCosta Rica
75%
EuropeDenmark
75%
AmericasEl Salvador
75%
AmericasHonduras
75%
EuropeLatvia
75%
EuropeNorth Macedonia
75%
AmericasParaguay
75%
EuropeAndorra
71%
AmericasChile
71%
AmericasEcuador
71%
AmericasPanama
71%
EuropeSan Marino
71%
AmericasUruguay
71%
AsiaCyprus
68%
OceaniaFiji
68%
AmericasGuatemala
68%
AmericasJamaica
68%
EuropeMoldova
68%
OceaniaPapua New Guinea
68%
AmericasAntigua and Barbuda
64%
AfricaDemocratic Republic of the Congo
64%
OceaniaNauru
64%
OceaniaPalau
61%
AsiaPhilippines
61%
AsiaSingapore
61%
AmericasSuriname
61%
AsiaGeorgia
57%
AfricaGhana
57%
AfricaKenya
57%
AsiaMongolia
57%
AsiaTaiwan
57%
AsiaUnited Arab Emirates
57%
AsiaNepal
54%
AfricaTogo
54%
AfricaZambia
54%
AfricaSouth Sudan
50%
AsiaBahrain
39%
AfricaRwanda
39%

Score Distribution

Percentile by Number Answered

Percent of People with Each Score

Your Score History

You have not taken this quiz since the last reset